000 01522cam a22003135a 4500
001 L159869
008 180320s2018 xxk f 001 0 eng d
020 _a97809811072062
035 _a(Sirsi) u159869
041 0 _aeng
100 1 _aTyagi, Himanshu
245 0 0 _aApplications of solar energy
_h[electronic resource]
250 _a1st ed.
260 _aLondon
_bSpringer Verlag
_c2018
300 _aeBook
520 _aFocuses on solar-energy-based renewable energy systems and discusses the generation of electric power using solar photovoltaics, as well as some new techniques, such as solar towers, for both residential and commercial needs. Such systems have played an important role in the move towards low-emission and sustainable energy sources. Covers a variety of applications, such as solar water heaters, solar air heaters, solar drying, nanoparticle-based direct absorption solar systems, solar volumetric receivers, solar-based cooling systems, solar-based food processing and cooking, efficient buildings using solar energy, and energy storage for solar thermal systems
521 _aAdvanced
650 2 4 _aEBOOK
650 2 4 _aSOLAR ENERGY
650 2 4 _aPHOTOVOLTAICS
651 4 _aUnited Kingdom
_y
690 _aEnergy
_96237
690 _aSustainability
_96271
700 1 _aAgarwal, Avinash
700 1 _aChakraborty, Prodyut
700 1 _aPowar, Satvasheel
856 4 0 _uhttps://www.vlebooks.com/
_zView on VLEbooks. Logins for members only from [email protected]
942 _n0
999 _c116137
_d116137